Texan Animals - Sudden Death - Statistics

General Stats
  • This quiz has been taken 145 times
  • The average score is 8 of 20
Answers on the Grid
Answers color-coded by a green-red scale on the quiz's grid according to % correct below.
Rattlesnake
Bobcat
Coyote
Rabbit
Raccoon
Armadillo
Green Anole
Deer
Owl
Bat
Gray Fox
Mississippi Valley Red Wolf
Ocelot
Cougar
Striped Skunk
Otter
Ferret
Weasel
Badger
Black Bear
Red Panda
Black Mamba
Black Panther
Anaconda
Brown Bear
Capybara
Mountain Goat
Killer Ant
Snow Leopard
Tiger
 
Answer Stats
Answer % Correct
Coyote
68%
Rattlesnake
65%
Bobcat
55%
Owl
55%
Rabbit
55%
Armadillo
52%
Raccoon
52%
Bat
48%
Cougar
48%
Deer
48%
Striped Skunk
48%
Black Bear
39%
Ferret
35%
Gray Fox
32%
Badger
29%
Weasel
23%
Green Anole
19%
Ocelot
19%
Otter
19%
Mississippi Valley Red Wolf
13%
No matching quizzes found
Score Distribution
Percent of People with Each Score
Percentile by Number Answered
Your Score History
You have not taken this quiz